[Event "Vendredi 2016.01.22"]
[Site "Montreal CAN"]
[Date "2016.01.29"]
[Round "2"]
[White "Yu, Zong Yang"]
[Black "Chiku-Ratte, Olivier-Kenta"]
[Result "0-1"]
[WhiteElo "2402"]
[BlackElo "2397"]
[PlyCount "126"]
[EventDate "2016.01.22"]
[EventType "tourn"]
[EventRounds "3"]
[EventCountry "CAN"]

1. Nf3 Nf6 2. c4 c5 3. Nc3 e6 4. g3 b6 5. Bg2 Bb7 6. O-O Be7 7. d4 cxd4 8. Qxd4
Nc6 9. Qf4 O-O 10. Rd1 Qb8 11. b3 d6 12. Bb2 a6 13. Ng5 Qc7 14. Nce4 Ne8 15.
Rd2 h6 16. Nf3 f5 17. Nc3 Ne5 18. Qe3 Rb8 19. Nd4 Bc8 20. f4 Ng4 21. Qd3 Bd7
22. e4 fxe4 23. Qxe4 Nef6 24. Qe2 e5 25. Nd5 Nxd5 26. Bxd5+ Kh8 27. Ne6 Bxe6
28. Bxe6 Qc5+ 29. Kh1 Qc6+ 30. Qg2 Qxg2+ 31. Rxg2 h5 32. h3 Nf6 33. fxe5 Ne4
34. Kh2 Nc5 35. Bd5 Nd3 36. Ba3 Nxe5 37. Re2 Bf6 38. Rd1 Rbd8 39. Bb7 Rf7 40.
Bxa6 Ra7 41. Rxd6 Re8 42. Rxb6 Nf3+ 43. Kg2 Rxe2+ 44. Kxf3 Rxa2 45. Bd6 R7xa6
46. Rxa6 Rxa6 47. c5 Ra3 48. c6 Rxb3+ 49. Ke4 Bd8 50. c7 Bxc7 51. Bxc7 Rb5 52.
Be5 Kg8 53. Kf5 Kf7 54. h4 g6+ 55. Kf4 Ke6 56. Bc7 Rb7 57. Bd8 Rb4+ 58. Kg5
Rg4+ 59. Kh6 Rxg3 60. Bg5 Kf5 61. Be7 Rd3 62. Bg5 Rh3 63. Kg7 Kg4 0-1

[Event "Vendredi 2016.01.22"]
[Site "Montreal CAN"]
[Date "2016.02.05"]
[Round "3"]
[White "Chiku-Ratte, Olivier-Kenta"]
[Black "Gauthier, Denis"]
[Result "1-0"]
[WhiteElo "2397"]
[BlackElo "1946"]
[PlyCount "59"]
[EventDate "2016.01.22"]
[EventType "tourn"]
[EventRounds "3"]
[EventCountry "CAN"]

1. d4 Nf6 2. c4 e6 3. Nc3 Bb4 4. f3 d5 5. a3 Bxc3+ 6. bxc3 c5 7. cxd5 Nxd5 8.
dxc5 O-O 9. e4 Nf6 10. Qb3 Nfd7 11. Be3 Nc6 12. Bb5 Qh4+ 13. g3 Qh5 14. Qc4
Nde5 15. Qe2 a6 16. Ba4 Nd7 17. f4 Qg6 18. Bc2 Qf6 19. e5 Qe7 20. Qd3 f5 21.
Qd6 Qf7 22. Nf3 h6 23. Rd1 Nf6 24. exf6 Rd8 25. Qxd8+ Nxd8 26. Rxd8+ Kh7 27.
fxg7 Qxg7 28. Bd4 Qc7 29. Rh8+ Kg6 30. Nh4+ 1-0

[Event "Quebec-ch U18"]
[Site "Montreal CAN"]
[Date "2016.01.15"]
[Round "1"]
[White "Vorobev, Alexander"]
[Black "Chiku-Ratte, Olivier-Kenta"]
[Result "0-1"]
[WhiteElo "1905"]
[BlackElo "2398"]
[PlyCount "66"]
[EventDate "2016.01.15"]
[EventType "tourn"]
[EventRounds "5"]
[EventCountry "CAN"]

1. e4 c5 2. Nf3 e6 3. d3 Nc6 4. Nbd2 d6 5. g3 g6 6. Bg2 Bg7 7. O-O Nge7 8. Re1
O-O 9. c3 b5 10. Nf1 Qb6 11. Be3 Rb8 12. d4 cxd4 13. Nxd4 Qc7 14. Qd2 Ne5 15.
Rac1 a6 16. b3 Bb7 17. Bh6 Bxh6 18. Qxh6 Nd3 19. Ne3 Kh8 20. Nf3 Ng8 21. Qh4
Nxe1 22. Ng5 h6 23. Rxe1 Qxc3 24. Rd1 Qf6 25. f4 Kg7 26. e5 dxe5 27. Rd7 exf4
28. gxf4 Bxg2 29. Kxg2 hxg5 30. fxg5 Qb2+ 31. Kf3 Rbd8 32. Rc7 Qe5 33. Rc2 Rd4
0-1

[Event "Quebec-ch U18"]
[Site "Montreal CAN"]
[Date "2016.01.16"]
[Round "2"]
[White "Liu, Yu Qing"]
[Black "Chiku-Ratte, Olivier-Kenta"]
[Result "0-1"]
[WhiteElo "1795"]
[BlackElo "2398"]
[PlyCount "92"]
[EventDate "2016.01.15"]
[EventType "tourn"]
[EventRounds "5"]
[EventCountry "CAN"]

1. e4 c5 2. Nf3 e6 3. d4 cxd4 4. Nxd4 a6 5. f4 b5 6. Be3 Bb7 7. Bd3 Nf6 8. Nd2
h5 9. N4f3 Qc7 10. h3 d6 11. O-O Nbd7 12. Qe1 Nc5 13. Bxc5 dxc5 14. c4 O-O-O
15. Qe2 Qxf4 16. e5 bxc4 17. Bxc4 Nd5 18. Bxa6 Qe3+ 19. Qxe3 Nxe3 20. Bxb7+
Kxb7 21. Rf2 Be7 22. Re2 Nc2 23. Rc1 Nd4 24. Re3 Rd5 25. Nxd4 Rxd4 26. Nb3 Rd5
27. Na5+ Kc7 28. Rf3 f5 29. exf6 gxf6 30. Rb3 Rc8 31. Rb7+ Kd8 32. b4 Rd7 33.
b5 Rxb7 34. Nxb7+ Kd7 35. a4 Ra8 36. a5 e5 37. a6 Kc7 38. Nxc5 Kb6 39. Ne6 Ra7
40. Rc6+ Kxb5 41. Rc2 Kxa6 42. Nc7+ Kb7 43. Nd5 Bd8 44. Rf2 Kc6 45. Nxf6 Bb6
46. Nxh5 Ra1+ 0-1

[Event "Quebec-ch U18"]
[Site "Montreal CAN"]
[Date "2016.01.16"]
[Round "3"]
[White "Chiku-Ratte, Olivier-Kenta"]
[Black "Zhu, Hong Rui"]
[Result "1/2-1/2"]
[WhiteElo "2398"]
[BlackElo "2267"]
[PlyCount "136"]
[EventDate "2016.01.15"]
[EventType "tourn"]
[EventRounds "5"]
[EventCountry "CAN"]

1. d4 d5 2. c4 e6 3. Nf3 c6 4. e3 Bd6 5. Bd3 f5 6. O-O Nf6 7. b3 Qe7 8. Bb2 O-O
9. Qc1 b6 10. Ba3 Bb7 11. Bxd6 Qxd6 12. Nc3 a6 13. Na4 Nbd7 14. Nxb6 Nxb6 15.
c5 Qe7 16. cxb6 Nd7 17. Qd2 a5 18. Rfc1 Qb4 19. Qxb4 axb4 20. Ne1 e5 21. Nc2 e4
22. Bf1 Rfc8 23. Nxb4 Nxb6 24. Rc3 Kf7 25. Rac1 Ke6 26. Nxc6 Rxa2 27. Nb4 Rxc3
28. Rxc3 Rb2 29. Rc7 Ba8 30. Rxg7 Rxb3 31. Na6 Rb1 32. g3 Bc6 33. Kg2 Nd7 34.
Rxh7 Nf6 35. Rg7 Kd6 36. Rg6 Ke7 37. Nc5 Be8 38. Rg7+ Kd6 39. Nb7+ Ke6 40. Nd8+
Kd6 41. Nf7+ Ke6 42. Ne5 Bh5 43. Ba6 Ng4 44. Rg5 Nxe5 45. Bc8+ Ke7 46. Rxh5 Nf3
47. Bxf5 Rg1+ 48. Kh3 Rh1 49. Kg4 Rf1 50. Rh6 Rxf2 51. h4 Nh2+ 52. Kg5 Nf1 53.
Rh7+ Kd6 54. g4 Nxe3 55. Rh6+ Ke7 56. Be6 Nc2 57. Bxd5 e3 58. Re6+ Kd7 59. Re4
e2 60. Be6+ Kd6 61. d5 e1=Q 62. Rxe1 Nxe1 63. h5 Nf3+ 64. Kg6 Ne5+ 65. Kg7 Nxg4
66. Bxg4 Rg2 67. h6 Ke7 68. d6+ Kxd6 1/2-1/2

[Event "Quebec-ch U18"]
[Site "Montreal CAN"]
[Date "2016.01.17"]
[Round "5"]
[White "Chiku-Ratte, Olivier-Kenta"]
[Black "Harris, Gabriel"]
[Result "1-0"]
[WhiteElo "2398"]
[BlackElo "1446"]
[PlyCount "65"]
[EventDate "2016.01.15"]
[EventType "tourn"]
[EventRounds "5"]
[EventCountry "CAN"]

1. d4 Nf6 2. c4 g6 3. Nc3 Bg7 4. e4 d6 5. f4 Nbd7 6. Nf3 O-O 7. Be2 b6 8. O-O
Bb7 9. Qc2 Re8 10. e5 dxe5 11. fxe5 Ng4 12. h3 Nh6 13. Bf4 Nf5 14. Qd2 c5 15.
d5 e6 16. d6 a6 17. g4 Nh4 18. Nxh4 Qxh4 19. Qe3 Qd8 20. g5 Bh8 21. Nd1 h6 22.
gxh6 Kh7 23. Bd3 f6 24. exf6 Bxf6 25. Qg3 Rg8 26. Nc3 e5 27. Be3 Nf8 28. Be4
Ra7 29. Bxb7 Rxb7 30. Ne4 Rf7 31. Ng5+ Bxg5 32. Rxf7+ Kxh6 33. Qh4# 1-0

[Event "North American op"]
[Site "Las Vegas USA"]
[Date "2015.12.27"]
[Round "3"]
[White "Vibbert, Sean"]
[Black "Chiku-Ratte, Olivier-Kenta"]
[Result "1-0"]
[WhiteElo "2313"]
[BlackElo "2376"]
[PlyCount "77"]
[EventDate "2015.12.26"]
[EventType "swiss"]
[EventRounds "9"]
[EventCountry "USA"]
[Source "Chess Mix"]

1. e4 c5 2. Nc3 Nc6 3. g3 g6 4. Bg2 Bg7 5. d3 d6 6. Be3 e6 7. Qd2 Rb8 8. Nge2
Nd4 9. Nc1 Ne7 10. O-O O-O 11. Nd1 b6 12. Re1 d5 13. Nb3 Bb7 14. Bxd4 cxd4 15.
e5 Nc6 16. f4 f6 17. exf6 Rxf6 18. Nf2 Qd6 19. Re2 h5 20. Qe1 Rbf8 21. Nh3 a5
22. Ng5 a4 23. Nd2 Bc8 24. Bh3 Re8 25. Ndf3 Bf8 26. Ne5 Ne7 27. Ngf3 Bh6 28. a3
Kg7 29. Qb4 Qc7 30. Qxa4 Rff8 31. Qxd4 Kh7 32. Rae1 Nf5 33. Bxf5 gxf5 34. b4
Rg8 35. Kf2 Bb7 36. h4 Bg7 37. Ng5+ Kh6 38. Nef7+ Kg6 39. Rxe6+ 1-0

[Event "North American op"]
[Site "Las Vegas USA"]
[Date "2015.12.29"]
[Round "8"]
[White "Chiku-Ratte, Olivier-Kenta"]
[Black "Lin, Dachey"]
[Result "0-1"]
[WhiteElo "2376"]
[BlackElo "2281"]
[PlyCount "120"]
[EventDate "2015.12.26"]
[EventType "swiss"]
[EventRounds "9"]
[EventCountry "USA"]
[Source "Chess Mix"]

1. d4 e6 2. c4 f5 3. g3 Nf6 4. Bg2 d5 5. Nf3 c6 6. Qc2 Bd6 7. O-O O-O 8. Bf4
Bxf4 9. gxf4 Bd7 10. Nbd2 Be8 11. e3 Ne4 12. Ne5 Nd7 13. Ndf3 Bh5 14. Nxd7 Qxd7
15. Ne5 Qe7 16. c5 Kh8 17. f3 Nf6 18. b4 Be8 19. a4 Rg8 20. Rab1 a6 21. Qf2 g5
22. fxg5 Rxg5 23. Kh1 Rc8 24. Rg1 Rc7 25. Bf1 Rxg1+ 26. Qxg1 Nh5 27. Qf2 f4 28.
e4 Qg5 29. Bh3 dxe4 30. fxe4 Bg6 31. Qf3 Rg7 32. Bg2 Qh4 33. Kg1 Nf6 34. Nxg6+
hxg6 35. b5 axb5 36. axb5 g5 37. bxc6 bxc6 38. Rb8+ Rg8 39. Rb7 Ra8 40. Rb1 Kg7
41. Qb3 Ng4 42. Qh3 Qf2+ 43. Kh1 Rb8 44. Rf1 Qxf1+ 45. Bxf1 Nf2+ 46. Kg2 Nxh3
47. Kxh3 Rd8 48. Kg4 Rxd4 49. Bg2 Kf6 50. e5+ Kxe5 51. Bxc6 Rc4 52. Kxg5 Rxc5
53. Bf3 Rc3 54. Kg4 Rxf3 55. Kxf3 Kf5 56. Kf2 e5 57. h3 e4 58. Ke2 Kg5 59. Kf2
Kh4 60. Kg2 e3 0-1

[Event "Varennes op"]
[Site "Varennes CAN"]
[Date "2015.11.07"]
[Round "1.3"]
[White "Turcotte, Jonathan"]
[Black "Chiku-Ratte, Olivier-Kenta"]
[Result "0-1"]
[WhiteElo "2120"]
[BlackElo "2386"]
[PlyCount "76"]
[EventDate "2015.11.07"]
[EventType "swiss"]
[EventRounds "5"]
[EventCountry "CAN"]

1. d4 Nf6 2. Nf3 c5 3. d5 e6 4. c4 exd5 5. cxd5 d6 6. Nc3 g6 7. h3 Bg7 8. e4 a6
9. a4 Nbd7 10. Bd3 Nh5 11. O-O Ne5 12. Be2 Nxf3+ 13. Bxf3 Qh4 14. Bg4 Be5 15.
Bxc8 Rxc8 16. Qg4 Qxg4 17. hxg4 Nf6 18. f3 b6 19. g5 Nd7 20. g4 Bd4+ 21. Kh1 c4
22. Ne2 Bg7 23. Bf4 Ke7 24. Ra2 Nc5 25. Be3 Nd3 26. Nd4 Kd7 27. Rb1 Rhe8 28.
Nc6 Rxc6 29. dxc6+ Kxc6 30. b3 Nb4 31. Rd2 c3 32. Rc1 Kd7 33. Rd4 Bxd4 34. Bxd4
c2 35. Bc3 Nd3 36. Rxc2 Rc8 37. Kg1 Nb4 38. Rc1 Na2 0-1

[Event "Varennes op"]
[Site "Varennes CAN"]
[Date "2015.11.08"]
[Round "2.3"]
[White "Chiku-Ratte, Olivier-Kenta"]
[Black "Dube, Daniel"]
[Result "1-0"]
[WhiteElo "2386"]
[BlackElo "1997"]
[PlyCount "73"]
[EventDate "2015.11.07"]
[EventType "swiss"]
[EventRounds "5"]
[EventCountry "CAN"]

1. d4 Nf6 2. c4 e6 3. Nc3 Bb4 4. f3 c5 5. d5 b5 6. e4 bxc4 7. Bxc4 exd5 8. Bxd5
Nxd5 9. Qxd5 Nc6 10. a3 Bxc3+ 11. bxc3 O-O 12. Be3 Ba6 13. Nh3 Qh4+ 14. Nf2 Qf6
15. Rc1 Ne5 16. Qxc5 Rac8 17. Qd4 Rc4 18. Qxa7 Rxc3 19. Rxc3 Nxf3+ 20. gxf3
Qxc3+ 21. Bd2 Qc4 22. Qe3 Rb8 23. Nd1 Rb1 24. Kf2 Qc2 25. Qc3 Qa4 26. Nb2 Qb5
27. Rxb1 Qe2+ 28. Kg3 h5 29. Qe3 h4+ 30. Kh3 Qb5 31. Kxh4 f6 32. a4 Qe5 33. f4
Qe7 34. Nd3 d6 35. Rb8+ Kh7 36. f5 Bxd3 37. Qh3 1-0

[Event "Varennes op"]
[Site "Varennes CAN"]
[Date "2015.11.07"]
[Round "3.1"]
[White "Chiku-Ratte, Olivier-Kenta"]
[Black "Sambuev, Bator"]
[Result "0-1"]
[WhiteElo "2386"]
[BlackElo "2554"]
[PlyCount "70"]
[EventDate "2015.11.07"]
[EventType "swiss"]
[EventRounds "5"]
[EventCountry "CAN"]

1. d4 d6 2. c4 e5 3. Nf3 exd4 4. Nxd4 g6 5. e4 Bg7 6. Nc3 Nc6 7. Nxc6 bxc6 8.
c5 Nf6 9. cxd6 cxd6 10. Bf4 O-O 11. Be2 Re8 12. e5 Nd5 13. Nxd5 dxe5 14. Bxe5
Bxe5 15. Ne3 Bxb2 16. O-O Bxa1 17. Qxa1 Be6 18. Rc1 Rc8 19. Bf3 c5 20. Rd1 Qa5
21. Qf6 Red8 22. Rf1 Rd4 23. g4 Qd8 24. Qe5 Qd6 25. Qg5 Qf4 26. Qxf4 Rxf4 27.
Kg2 c4 28. Kg3 Rd4 29. g5 c3 30. a3 c2 31. Rc1 Bb3 32. h4 Rc3 33. h5 gxh5 34.
Bxh5 Rxe3+ 35. fxe3 Rd1 0-1

[Event "Varennes op"]
[Site "Varennes CAN"]
[Date "2015.11.09"]
[Round "4.3"]
[White "Libersan, Thierry"]
[Black "Chiku-Ratte, Olivier-Kenta"]
[Result "0-1"]
[WhiteElo "2122"]
[BlackElo "2386"]
[PlyCount "58"]
[EventDate "2015.11.07"]
[EventType "swiss"]
[EventRounds "5"]
[EventCountry "CAN"]

1. e4 c5 2. Nf3 e6 3. d4 cxd4 4. Nxd4 a6 5. Nc3 Qc7 6. Be2 Nf6 7. O-O Nc6 8.
Be3 Bb4 9. Na4 Bd6 10. Nxc6 dxc6 11. Bb6 Qe7 12. Qd3 Nd7 13. Rad1 Bb8 14. Be3
Bc7 15. f4 b5 16. Nc3 e5 17. a3 exf4 18. Bxf4 Ne5 19. Qg3 O-O 20. Kh1 f6 21. h3
Be6 22. Bf3 Kh8 23. Qf2 Rg8 24. Be3 Bd6 25. Ne2 g5 26. Nd4 g4 27. hxg4 Bxg4 28.
Nf5 Qf7 29. Rxd6 Nxf3 0-1

[Event "Varennes op"]
[Site "Varennes CAN"]
[Date "2015.11.08"]
[Round "5.2"]
[White "Chiku-Ratte, Olivier-Kenta"]
[Black "Zhu, Hong Rui"]
[Result "1-0"]
[WhiteElo "2386"]
[BlackElo "2286"]
[PlyCount "35"]
[EventDate "2015.11.07"]
[EventType "swiss"]
[EventRounds "5"]
[EventCountry "CAN"]

1. d4 d5 2. c4 e6 3. Nc3 c6 4. e4 dxe4 5. Nxe4 Bb4+ 6. Bd2 Qxd4 7. Bxb4 Qxe4+
8. Be2 Na6 9. Bd6 Qxg2 10. Qd2 Nf6 11. Bf3 Qg6 12. O-O-O e5 13. Bxe5 O-O 14.
Ne2 Re8 15. Rhg1 Qf5 16. Rxg7+ Kxg7 17. Rg1+ Kh8 18. Qh6 1-0

[Event "Ligue elite du dimanche"]
[Site "Montreal CAN"]
[Date "2015.09.20"]
[Round "1"]
[White "Chiku-Ratte, Olivier-Kenta"]
[Black "Li, Yi Lin"]
[Result "1-0"]
[WhiteElo "2369"]
[BlackElo "1968"]
[PlyCount "115"]
[EventDate "2015.09.20"]
[EventType "team"]
[EventRounds "5"]
[EventCountry "CAN"]

1. d4 Nf6 2. c4 e6 3. Nc3 d5 4. cxd5 exd5 5. Bg5 Bb4 6. e3 O-O 7. a3 Bxc3+ 8.
bxc3 Nbd7 9. Bd3 c5 10. Ne2 cxd4 11. exd4 Nb6 12. O-O Qd6 13. Bf4 Qc6 14. Qc2
h6 15. Ng3 Re8 16. f3 Bd7 17. Qc1 Rac8 18. Bxh6 gxh6 19. Qxh6 Qxc3 20. Nh5
Qxd4+ 21. Kh1 Ne4 22. Bxe4 f5 23. Nf6+ Kf7 24. Nxe8 Rxe8 25. Rad1 Qe5 26. Bxd5+
Nxd5 27. Qh7+ Ke6 28. Rfe1 Ne3 29. Qxd7+ Kf6 30. Qd6+ Kg5 31. Qxe5 Rxe5 32. Rd4
f4 33. g3 Rf5 34. gxf4+ Rxf4 35. Rxf4 Kxf4 36. Rc1 Kxf3 37. Rc7 b5 38. Rxa7 Nc4
39. a4 bxa4 40. Rxa4 Ne3 41. Ra8 Kg4 42. Kg1 Nf5 43. Ra4+ Kg5 44. Kf2 Kh5 45.
Kf3 Nh4+ 46. Kg3 Nf5+ 47. Kf4 Ne7 48. Ke5 Ng6+ 49. Kf6 Nh4 50. h3 Nf3 51. Rg4
Ne1 52. Kf5 Nc2 53. Ke4 Nb4 54. Rg7 Kh6 55. Rb7 Nc2 56. Rb2 Na3 57. Kd3 Kh5 58.
Rb3 1-0

[Event "Ligue elite du dimanche"]
[Site "Montreal CAN"]
[Date "2015.09.27"]
[Round "2"]
[White "Chiku-Ratte, Olivier-Kenta"]
[Black "Zhu, Hong Rui"]
[Result "0-1"]
[WhiteElo "2386"]
[BlackElo "2286"]
[PlyCount "80"]
[EventDate "2015.09.20"]
[EventType "team"]
[EventRounds "5"]
[EventCountry "CAN"]

1. d4 d5 2. c4 e6 3. Nc3 c6 4. e3 f5 5. g4 Nf6 6. gxf5 dxc4 7. Bxc4 exf5 8. Qb3
Bd6 9. Nf3 Qe7 10. Ng5 Rf8 11. Be6 Na6 12. h3 Nb4 13. Bxc8 Rxc8 14. Ne6 Rg8 15.
Bd2 Kd7 16. Nc5+ Bxc5 17. dxc5 Nd3+ 18. Ke2 Nxc5 19. Qa3 Na6 20. Qb3 Kc7 21.
Qc2 Qe5 22. f4 Qc5 23. Rac1 Kb8 24. a3 Rcd8 25. Rhd1 Qc4+ 26. Kf3 Qd3 27. Qxd3
Rxd3 28. Be1 Rgd8 29. Rxd3 Rxd3 30. Bh4 Nd5 31. Nxd5 Rxd5 32. Be7 Nc7 33. Rc3
Rd2 34. b4 Nd5 35. Bd6+ Kc8 36. Rb3 Nxe3 37. Be5 Nc4 38. Bc3 Rd3+ 39. Kg2 Ne3+
40. Kf3 Nd5+ 0-1

[Event "Ligue elite du dimanche"]
[Site "Montreal CAN"]
[Date "2015.10.04"]
[Round "3"]
[White "Liu, Yu Qing"]
[Black "Chiku-Ratte, Olivier-Kenta"]
[Result "0-1"]
[WhiteElo "1802"]
[BlackElo "2386"]
[PlyCount "80"]
[EventDate "2015.09.20"]
[EventType "team"]
[EventRounds "5"]
[EventCountry "CAN"]

1. e4 c5 2. Nf3 e6 3. d4 cxd4 4. Nxd4 a6 5. f4 Bc5 6. Nb3 Ba7 7. Qf3 Nf6 8. e5
Nd5 9. Nc3 O-O 10. Ne4 f6 11. Qg3 Nc6 12. Bd3 f5 13. Nc3 Nxc3 14. bxc3 b6 15.
Ba3 Rf7 16. Rd1 b5 17. Be2 Bb7 18. Bf3 a5 19. Bc5 a4 20. Bxc6 Bxc6 21. Nd4 Bxc5
22. Nxc6 Qb6 23. Nd4 Rc8 24. Qd3 b4 25. Rb1 Bxd4 26. cxd4 Qc6 27. O-O Rff8 28.
Rfc1 Qd5 29. c4 bxc3 30. Rxc3 Qxa2 31. Rbc1 Rxc3 32. Rxc3 Rb8 33. Rc2 Qb1+ 34.
Kf2 Kf7 35. d5 Qb3 36. dxe6+ Qxe6 37. Rd2 Rb7 38. Qd4 Qb3 39. Qd6 Qe6 40. Qd3
Qb6+ 0-1

[Event "Ligue elite du dimanche"]
[Site "Montreal CAN"]
[Date "2015.10.11"]
[Round "4"]
[White "Chiku-Ratte, Olivier-Kenta"]
[Black "Fan, Run Kun"]
[Result "1-0"]
[WhiteElo "2386"]
[BlackElo "2386"]
[PlyCount "133"]
[EventDate "2015.09.20"]
[EventType "team"]
[EventRounds "5"]
[EventCountry "CAN"]

1. d4 d5 2. c4 c6 3. Nf3 e6 4. e3 Nf6 5. Nc3 Nbd7 6. Bd3 dxc4 7. Bxc4 b5 8. Bd3
Bb7 9. a3 b4 10. Ne4 Nxe4 11. Bxe4 Be7 12. axb4 Bxb4+ 13. Bd2 Qb6 14. Qa4 a5
15. O-O O-O 16. Bxb4 axb4 17. Qc2 f5 18. Ng5 Rf6 19. Rxa8+ Bxa8 20. Bd3 c5 21.
e4 h6 22. Nxe6 Rxe6 23. Bc4 Bxe4 24. Qb3 Nf8 25. dxc5 Qc6 26. f3 Qxc5+ 27. Kh1
Bc2 28. Bxe6+ Kh8 29. Qd5 Nxe6 30. Qxe6 b3 31. Re1 Qd4 32. Qf7 Kh7 33. f4 Qf2
34. Rg1 Qxf4 35. Qd5 Qe3 36. Rf1 Be4 37. Qd1 Qb6 38. Qd2 Qb5 39. Re1 Qc4 40. h3
Qf7 41. Kh2 Qc7+ 42. g3 Qe5 43. h4 Qb5 44. Qc3 Qb6 45. Re2 Qb5 46. Rf2 Qb6 47.
Rd2 Qb5 48. Kg1 Qa4 49. Kf2 Qb5 50. Rd6 Qb7 51. Ke3 Qa7+ 52. Kf4 Qe7 53. Qc5
Qf7 54. g4 Bc2 55. Qd5 Qxd5 56. Rxd5 fxg4 57. Kxg4 Kg6 58. Rd6+ Kf7 59. Kf4 Ke7
60. Ke5 g6 61. Ra6 Kd7 62. Kf6 Kc7 63. Kg7 g5 64. h5 g4 65. Kxh6 g3 66. Ra7+
Kd6 67. Rg7 1-0

[Event "Ligue elite du dimanche"]
[Site "Montreal CAN"]
[Date "2015.10.18"]
[Round "5"]
[White "Rodrigue-Lemieux, Shawn"]
[Black "Chiku-Ratte, Olivier-Kenta"]
[Result "0-1"]
[WhiteElo "2013"]
[BlackElo "2386"]
[PlyCount "54"]
[EventDate "2015.09.20"]
[EventType "team"]
[EventRounds "5"]
[EventCountry "CAN"]

1. e4 c5 2. Nf3 e6 3. Nc3 a6 4. Be2 Qc7 5. O-O b5 6. d3 d6 7. Be3 Nf6 8. Nd2
Bb7 9. f4 d5 10. e5 d4 11. exf6 dxe3 12. Nf3 gxf6 13. g3 Rg8 14. Ne4 Be7 15.
Ne1 f5 16. Nc3 Nc6 17. Ng2 Nd4 18. Ne1 Bh4 19. Bf3 Nxf3+ 20. Nxf3 Qxf4 21. Ne2
Qg4 22. Nxh4 Qxh4 23. Qe1 O-O-O 24. Nf4 e5 25. Ng2 Qh3 26. Qe2 f4 27. Rae1 fxg3
0-1

[Event "Ligue elite du dimanche"]
[Site "Montreal CAN"]
[Date "2015.11.22"]
[Round "7"]
[White "Chiku-Ratte, Olivier-Kenta"]
[Black "Fan, Run Kun"]
[Result "1-0"]
[WhiteElo "2390"]
[BlackElo "2083"]
[PlyCount "95"]
[EventDate "2015.09.20"]
[EventType "team"]
[EventRounds "5"]
[EventCountry "CAN"]

1. d4 d5 2. c4 c6 3. Nf3 e6 4. e3 Nf6 5. Nc3 Nbd7 6. Qc2 Bd6 7. b3 O-O 8. Be2
b6 9. O-O Bb7 10. Bb2 Qe7 11. Rac1 Rac8 12. Rfd1 Rfd8 13. Qb1 c5 14. cxd5 exd5
15. Nb5 Bb8 16. dxc5 bxc5 17. Ba3 Ne4 18. Nc3 d4 19. Nxe4 Bxe4 20. Qb2 dxe3 21.
fxe3 Bxf3 22. Bxf3 Qxe3+ 23. Qf2 Bxh2+ 24. Kf1 Qxf2+ 25. Kxf2 Be5 26. Bg4 Bd4+
27. Kg3 h5 28. Bxh5 Nf6 29. Bf3 Be5+ 30. Kf2 Rxd1 31. Bxd1 Ne4+ 32. Kf3 Nc3 33.
Bb2 Nxa2 34. Ra1 Bxb2 35. Rxa2 Bd4 36. Be2 Rc7 37. Bc4 Re7 38. Ra6 Kh8 39. Kf4
g6 40. g3 Kg7 41. Kf3 Be5 42. Rc6 Rc7 43. Ra6 Bf6 44. Ke4 Bd8 45. Ke5 Re7+ 46.
Kd6 Rc7 47. Bd5 Re7 48. g4 1-0

[Event "Ligue elite du dimanche"]
[Site "Montreal CAN"]
[Date "2015.11.29"]
[Round "8"]
[White "Fan, Run Kun"]
[Black "Chiku-Ratte, Olivier-Kenta"]
[Result "0-1"]
[WhiteElo "2083"]
[BlackElo "2390"]
[PlyCount "134"]
[EventDate "2015.09.20"]
[EventType "team"]
[EventRounds "5"]
[EventCountry "CAN"]

1. Nf3 c5 2. c4 Nf6 3. g3 b6 4. Bg2 Bb7 5. Nc3 e6 6. O-O Be7 7. d4 cxd4 8. Qxd4
Nc6 9. Qf4 Qb8 10. e4 d6 11. b3 O-O 12. Rd1 a6 13. Ba3 Rd8 14. Rd2 Qc7 15. Rc1
Ne5 16. Qe3 Nfg4 17. Qe2 Nxf3+ 18. Bxf3 Ne5 19. Bg2 Nd7 20. Rcd1 Nc5 21. Bb2
Bf6 22. Qg4 Kh8 23. b4 Nd7 24. Rxd6 Ne5 25. Rxd8+ Bxd8 26. Qf4 Nxc4 27. Qxc7
Bxc7 28. Rd7 Rc8 29. Bc1 Kg8 30. h4 Bc6 31. Rd4 b5 32. Rd1 Rd8 33. Kf1 Kf8 34.
Ke2 Ke7 35. Rxd8 Kxd8 36. Nd1 Bd6 37. a3 a5 38. bxa5 Nxa5 39. Ne3 Nc4 40. Nxc4
bxc4 41. e5 Bxg2 42. exd6 Kd7 43. Bb2 f6 44. Bc3 Kxd6 45. f3 e5 46. g4 Kd5 47.
Ke3 Bh3 48. a4 g6 49. a5 Kc6 50. g5 fxg5 51. hxg5 Kd5 52. a6 Bc8 53. a7 Bb7 54.
f4 e4 55. Bd4 Ba8 56. Bb6 c3 57. Ke2 Kc4 58. Be3 Kb3 59. Bd4 c2 60. Kd2 Bb7 61.
Kc1 Kc4 62. Be3 Kd3 63. Bd2 Ba8 64. Be1 e3 65. Bg3 Be4 66. Be1 Ke2 67. Bc3 Kf1
0-1

[Event "Ligue elite du dimanche"]
[Site "Montreal CAN"]
[Date "2015.12.13"]
[Round "9"]
[White "Chiku-Ratte, Olivier-Kenta"]
[Black "Zhu, Hong Rui"]
[Result "1-0"]
[WhiteElo "2390"]
[BlackElo "2283"]
[PlyCount "105"]
[EventDate "2015.09.20"]
[EventType "team"]
[EventRounds "5"]
[EventCountry "CAN"]

1. d4 d5 2. c4 e6 3. Nc3 c6 4. e4 dxe4 5. Nxe4 Bb4+ 6. Bd2 Qxd4 7. Bxb4 Qxe4+
8. Be2 Na6 9. Bd6 Qxg2 10. Qd2 Nf6 11. Bf3 Qg6 12. O-O-O e5 13. Bxe5 Be6 14.
Ne2 Qf5 15. Qe3 Nb4 16. Nd4 Nxa2+ 17. Kd2 Rd8 18. Ke2 Qh3 19. Rhg1 c5 20. Nxe6
Qxe6 21. Bd5 Ng4 22. Bxe6 Nxe3 23. fxe3 Rxd1 24. Kxd1 fxe6 25. Rxg7 Rf8 26. Ke2
Rf7 27. Rg8+ Kd7 28. Ra8 a6 29. Rb8 Kc6 30. Rc8+ Kb6 31. Re8 Ka5 32. Rxe6 Kb4
33. Kd3 b5 34. Rxa6 Nc1+ 35. Kc2 Nb3 36. cxb5 Rf2+ 37. Kd3 c4+ 38. Ke4 Kxb5 39.
Ra7 Nd2+ 40. Kd5 h5 41. Rb7+ Ka4 42. Bc3 Rxh2 43. Rb4+ Ka5 44. Rxc4+ Ka6 45.
Rb4 Rg2 46. Bd4 Rg6 47. Rb8 Rh6 48. b4 Nf3 49. b5+ Ka5 50. Kc5 Ka4 51. b6 Rh7
52. Ra8+ Kb3 53. Ra7 1-0

[Event "Montreal op"]
[Site "Montreal CAN"]
[Date "2015.09.11"]
[Round "1.6"]
[White "Chiku-Ratte, Olivier-Kenta"]
[Black "Lepine, Cedric"]
[Result "1-0"]
[WhiteElo "2369"]
[BlackElo "2055"]
[PlyCount "85"]
[EventDate "2015.09.12"]
[EventType "swiss"]
[EventRounds "5"]
[EventCountry "CAN"]

1. d4 Nf6 2. c4 g6 3. Nc3 Bg7 4. e4 d6 5. f4 O-O 6. Nf3 Na6 7. Be2 e5 8. fxe5
dxe5 9. d5 Nc5 10. Bg5 a5 11. Nd2 h6 12. Be3 Qe7 13. O-O Bd7 14. b3 Ne8 15. a3
f5 16. Rb1 f4 17. Bf2 Na6 18. b4 axb4 19. axb4 b6 20. Qb3 Kh7 21. c5 bxc5 22.
bxc5 Nf6 23. Qc4 Ng4 24. Bxg4 Bxg4 25. Nf3 g5 26. h3 Bc8 27. d6 cxd6 28. Nd5
Qf7 29. cxd6 g4 30. hxg4 Bxg4 31. Qd3 Rg8 32. Rb6 Nb8 33. Ne7 Nd7 34. Nxg8 Nxb6
35. Nxh6 Kxh6 36. Bxb6 Rg8 37. Rd1 Bf6 38. d7 Qh5 39. Kf2 Bh4+ 40. Kf1 Bg3 41.
d8=Q Rxd8 42. Qxd8 Qh1+ 43. Bg1 1-0

[Event "Montreal op"]
[Site "Montreal CAN"]
[Date "2015.09.12"]
[Round "2.5"]
[White "Li, Yi Lin"]
[Black "Chiku-Ratte, Olivier-Kenta"]
[Result "0-1"]
[WhiteElo "1968"]
[BlackElo "2369"]
[PlyCount "86"]
[EventDate "2015.09.12"]
[EventType "swiss"]
[EventRounds "5"]
[EventCountry "CAN"]

1. e4 c5 2. Nf3 d6 3. d4 cxd4 4. Nxd4 Nf6 5. Nc3 g6 6. Be2 Bg7 7. Nb3 Nc6 8.
O-O O-O 9. Re1 a5 10. Bb5 Be6 11. a4 Rc8 12. Nd5 Ne5 13. Bg5 Nc4 14. Bxc4 Rxc4
15. Nxf6+ exf6 16. Bf4 d5 17. exd5 Qxd5 18. Qxd5 Bxd5 19. Rad1 Bc6 20. Bd6 Ra8
21. Bc7 Bxa4 22. Rd8+ Rxd8 23. Bxd8 Rxc2 24. Nxa5 Rxb2 25. g3 f5 26. Nc4 Rb4
27. Nb6 Bd4 28. Nd5 Rb2 29. Ra1 Bc6 30. Ne7+ Kg7 31. Nxc6 Bxf2+ 32. Kf1 bxc6
33. Ra6 Bd4 34. Rxc6 Rf2+ 35. Ke1 Rxh2 36. Bc7 h5 37. Rc4 Bf6 38. Kf1 Rd2 39.
Ke1 Rd4 40. Rxd4 Bxd4 41. Kf1 Kf6 42. Kg2 Kg5 43. Kh3 Be3 0-1